Monuments connus #2 - Statistiques

Statistiques générales
  • Ce quiz a été pris 315 fois
  • Le résultat moyen est 6 sur 12
Statistiques - réponses
Par images Réponse % Correct
Statue de la liberté
89%
Opéra de Sydney
87%
Mont Rushmore
75%
Parthénon
69%
Burj Khalifa
63%
Château de Versailles
58%
Viaduc de Millau
57%
Sphynx
53%
l'atomium
31%
Temple d'Abou Simbel
16%
Parlement de Budapest
11%
Cau Vang
4%
Aucun quiz correspondant
Distribution des résultats
% des personnes avec chaque résultat
Percentile par nombre de réponses
Votre historique - résultats
Vous n’avez pas pris ce quiz